Speed Roman Numeral Conversions Quiz Stats

Quiz Updated Oct 17, 2015

Challenge
Share
Tweet
Embed
Score 0/30 Timer 01:00
2 Plays Today
Roman Numeral Arabic Numeral % Correct
????
100%
????
99.5%
????
99.2%
????
98.2%
????
97.9%
????
95.4%
????
95.1%
????
94.5%
????
93.8%
????
90.6%
????
87.7%
????
85.5%
????
84.9%
????
79.2%
????
72%
Roman Numeral Arabic Numeral % Correct
????
68.2%
????
65.7%
????
63.7%
????
61.1%
????
54.9%
????
46.7%
????
44.1%
????
40.8%
????
35%
????
25.2%
????
17%
????
11.2%
????
7%
????
4.5%
????
3.2%

You're not logged in!

Compare scores with friends on all Sporcle quizzes.
Sign Up with Email
OR
Log In

You Might Also Like...

Show Comments

Extras

Top Quizzes Today


Score Distribution

Your Account Isn't Verified!

In order to create a playlist on Sporcle, you need to verify the email address you used during registration. Go to your Sporcle Settings to finish the process.